Vista normal Vista MARC

Entrada Nombre Personal

Número de registros utilizados en: 1

001 - NUMERO DE CONTROL

  • control field: 26930

003 - IDENTIFICADOR DEL NÚMERO DE CONTROL

  • control field: AR-RoUNA

005 - FECHA Y HORA DE LA ÚLTIMA TRANSACCIÓN

  • control field: 20250225181202.0

008 - ELEMENTOS DE DATOS DE LONGITUD FIJA

  • fixed length control field: 250225|| aca||aabn | a|a d

040 ## - FUENTE DE CATALOGACIÓN

  • Original cataloging agency: AR-RoUNA
  • Transcribing agency: AR-RoUNA

100 ## - ENCABEZADO--NOMBRE PERSONAL

  • Nombre personal: Carvajal, Carol Styles

670 ## - FUENTE EN LA QUE SE LOCALIZARON DATOS

  • Cita fuente: Work cat.: (AR-RoUNA)11806: The OXFORD Spanish dictionary : Spanish-English, English-Spanish = GRAN diccionario Oxford : español-ingles, ingles-español /, 2008